| 000 | 00425nam a2200169Ia 4500 | ||
|---|---|---|---|
| 008 | 230718s9999 xx 000 0 und d | ||
| 041 | _aeng | ||
| 082 |
_a005.4'3 _bPET |
||
| 100 | _aPetzold C. | ||
| 245 | _aProgramming Windows 3.1 | ||
| 260 |
_c1992 _bMicrosoft Press |
||
| 300 |
_a983 _dRef 90 C (5331) |
||
| 365 |
_cRs. _b1221.00 |
||
| 500 | _a90 C | ||
| 700 | _aPetzold C. | ||
| 906 |
_dB:21422-Sep-1995 _cCOMP _b183.15 |
||
| 999 |
_c294126 _d294126 |
||